000 00721nam a2200217Ii 4500
003 JO-AjNU
008 230605s9999||||xx |||||||||||||| ||und||
017 _a1994/8/873
040 _aJO-AjNU
_bara
_erda
_cJO-AjNU
041 _aara
050 1 4 _aQA76.73/B3.M8388 1994
100 3 _aحسن ، محمدصطفى الحاج,
_eauthor
_931856
245 0 0 _aاساسيات علم الحاسوب والبرمجة بلغة كويل بيسك
250 _aط1
264 3 1 _aعمان:مكتبة الفلاح ، 1994
300 _a405ص
336 _atext
_btxt
_2rdacontent
337 _aunmediated
_bn
_2rdamedia
338 _avolume
_bnc
_2rdacarrier
650 4 _aالحاسبات الالكترونية-لغات
_931857
999 _aA12790
_c16358
_d16358